[Event "SV Erkenschwick 1 - SV Castrop-Rauxel 1"]
[Site "Oberliga NRW 2013/2014"]
[Date "2013.11.17"]
[Round "3.7"]
[White "Werrn, Pascal"]
[Black "Eggenstein, Frank"]
[Result "1/2-1/2"]
[WhiteElo "2021"]
[BlackElo "1921"]
[PlyCount "65"]
[EventDate "2013.??.??"]
[WhiteTeam "SV Castrop-Rauxel 1"]
[BlackTeam "SV Erkenschwick 1"]

1. d4 Nf6 2. Nf3 g6 3. Bg5 Bg7 4. Nbd2 d6 5. e4 O-O 6. Bc4 Nc6 7. h3 Nxe4 8.
Nxe4 d5 9. Nc3 dxc4 10. d5 Nb4 11. O-O Bxc3 12. bxc3 Nxd5 13. Qd4 f6 14. Bh6
Re8 15. Rad1 c6 16. Qxc4 Be6 17. Qe2 Bf7 18. Bd2 Qc7 19. h4 Nb6 20. Rfe1 Bxa2
21. h5 Bf7 22. Nh4 Nc4 23. hxg6 hxg6 24. Nxg6 Bxg6 25. Qxc4+ Kg7 26. Re6 Rad8
27. Qe2 Rd5 28. Re1 Re5 29. Qg4 Rxe1+ 30. Bxe1 Kf7 31. Qc4 Kg7 32. Qg4 Kf7 33.
Qc4 1/2-1/2

[Event "SV Erkenschwick 1 - SV Castrop-Rauxel 1"]
[Site "Oberliga NRW 2013/2014"]
[Date "2013.11.17"]
[Round "3.8"]
[White "Strozewski, Frank"]
[Black "Mueller, Frank"]
[Result "1/2-1/2"]
[WhiteElo "1956"]
[BlackElo "1978"]
[PlyCount "127"]
[EventDate "2013.??.??"]
[WhiteTeam "SV Erkenschwick 1"]
[BlackTeam "SV Castrop-Rauxel 1"]

1. c4 Nf6 2. Nc3 d5 3. d4 g6 4. Bf4 Bg7 5. e3 O-O 6. Nf3 c5 7. dxc5 Qa5 8. Qa4
Qxc5 9. Qb5 Qxb5 10. cxb5 a6 11. b6 Nc6 12. Bc7 Ne4 13. Rc1 Nb4 14. Be5 Nxc3
15. bxc3 Nc6 16. Bc7 e5 17. Be2 Re8 18. Nd2 Be6 19. Nb3 Bf8 20. O-O Ba3 21. Rc2
Rac8 22. Rd1 Re7 23. c4 Nb4 24. Rcd2 dxc4 25. Rd8+ Re8 26. Rxc8 Rxc8 27. Nc1 e4
28. f3 Nd5 29. Bxc4 Nxc7 30. bxc7 Rxc7 31. Bxe6 Bxc1 32. Bb3 Bxe3+ 33. Kf1 exf3
34. gxf3 Rc1 35. Rxc1 Bxc1 36. Bd5 b5 37. Ke2 Kg7 38. h3 f5 39. Bb7 a5 40. Bc6
b4 41. Ba4 Kf6 42. Bb3 Ke5 43. Kf2 Bf4 44. Ba4 Kd4 45. Ke2 Kc3 46. Bb3 Kb2 47.
Kd3 g5 48. Kc4 h5 49. Kb5 Bc7 50. Be6 Ka3 51. Bxf5 a4 52. Kc4 b3 53. axb3 axb3
54. Bb1 Kb2 55. Bg6 h4 56. Kb4 Bd6+ 57. Ka4 Kc3 58. Bf5 b2 59. Bg6 Be7 60. Bh7
Kd2 61. Kb3 Bf6 62. Ka2 Ke3 63. Bf5 Kxf3 64. Kb1 1/2-1/2

[Event "SK Turm Emsdetten 2 - SV Mülheim-Nord 2"]
[Site "Oberliga NRW 2013/2014"]
[Date "2013.12.08"]
[Round "4.1"]
[White "Hausrath, Daniel"]
[Black "Kabatianski, Alexander"]
[Result "1/2-1/2"]
[WhiteElo "2521"]
[BlackElo "2422"]
[PlyCount "27"]
[EventDate "2013.??.??"]
[WhiteTeam "SV Mülheim-Nord 2"]
[BlackTeam "SK Turm Emsdetten 2"]

1. Nf3 Nf6 2. g3 d5 3. Bg2 e6 4. d4 Be7 5. c4 O-O 6. Qc2 c5 7. O-O cxd4 8. Nxd4
Nc6 9. Nxc6 bxc6 10. b3 Ba6 11. Nd2 Qb6 12. Bb2 Rac8 13. Nf3 Rfd8 14. Ne5
1/2-1/2

[Event "SK Turm Emsdetten 2 - SV Mülheim-Nord 2"]
[Site "Oberliga NRW 2013/2014"]
[Date "2013.12.08"]
[Round "4.2"]
[White "Kuipers, Stefan"]
[Black "Nabuurs, Joep"]
[Result "1/2-1/2"]
[WhiteElo "2391"]
[BlackElo "2214"]
[PlyCount "57"]
[EventDate "2013.??.??"]
[WhiteTeam "SK Turm Emsdetten 2"]
[BlackTeam "SV Mülheim-Nord 2"]

1. e4 c5 2. Nf3 d6 3. d4 cxd4 4. Nxd4 Nf6 5. f3 e5 6. Nb3 Be6 7. c4 a5 8. Be3
a4 9. N3d2 Qa5 10. Be2 Be7 11. O-O Bd8 12. c5 dxc5 13. Na3 O-O 14. Qc2 Nc6 15.
Qxc5 Nd4 16. Qxa5 Nxe2+ 17. Kf2 Bxa5 18. Kxe2 Rac8 19. Rfc1 b5 20. Bc5 Bxd2 21.
Kxd2 Rfd8+ 22. Ke3 Nd7 23. Be7 Rxc1 24. Rxc1 Re8 25. Bd6 Nb6 26. Rc6 Nc4+ 27.
Nxc4 Bxc4 28. a3 f6 29. g3 1/2-1/2

[Event "SK Turm Emsdetten 2 - SV Mülheim-Nord 2"]
[Site "Oberliga NRW 2013/2014"]
[Date "2013.12.08"]
[Round "4.3"]
[White "Nachbar, Benjamin"]
[Black "Fiebig, Thomas"]
[Result "1/2-1/2"]
[WhiteElo "2133"]
[BlackElo "2379"]
[Annotator "Doe,John"]
[PlyCount "70"]
[EventDate "2013.??.??"]
[WhiteTeam "SV Mülheim-Nord 2"]
[BlackTeam "SK Turm Emsdetten 2"]

1. c4 e6 2. d4 d5 3. Nc3 c5 4. cxd5 exd5 5. Nf3 Nc6 6. Bg5 Be7 7. Bxe7 Ngxe7 8.
e3 c4 9. Be2 Bf5 10. O-O O-O 11. b3 Qa5 12. Qd2 b5 13. bxc4 bxc4 14. Nh4 Be6
15. Rfb1 Rab8 16. Rxb8 Rxb8 17. Rb1 $11 Rxb1+ 18. Nxb1 Qb6 19. Nc3 a5 20. Bd1
Qb4 21. Qc1 f6 22. a3 Qb8 23. Qb1 Qxb1 24. Nxb1 Na7 25. Nc3 Bd7 26. Nf3 Nb5 27.
Nxb5 Bxb5 28. Nd2 Kf7 29. Nb1 Bd7 30. Nc3 Bf5 31. f3 Bd3 32. Kf2 f5 33. Ba4 Ke6
34. h3 g5 35. g3 h6 1/2-1/2

[Event "SK Turm Emsdetten 2 - SV Mülheim-Nord 2"]
[Site "Oberliga NRW 2013/2014"]
[Date "2013.12.08"]
[Round "4.4"]
[White "Rijnaarts, Sjef"]
[Black "Krueger, Andre"]
[Result "0-1"]
[WhiteElo "2390"]
[BlackElo "2056"]
[PlyCount "122"]
[EventDate "2013.??.??"]
[WhiteTeam "SK Turm Emsdetten 2"]
[BlackTeam "SV Mülheim-Nord 2"]

1. e4 c6 2. d4 d5 3. Nc3 dxe4 4. Nxe4 Bf5 5. Ng3 Bg6 6. Nf3 Nd7 7. h4 h6 8. h5
Bh7 9. Bd3 Bxd3 10. Qxd3 e6 11. Bd2 Ngf6 12. O-O-O Qc7 13. Kb1 O-O-O 14. c4 Bd6
15. Ne4 Nxe4 16. Qxe4 Nf6 17. Qc2 c5 18. Bc3 cxd4 19. Bxd4 Bc5 20. Be5 Rxd1+
21. Rxd1 Qc6 22. Bxf6 gxf6 23. Qc3 Qe4+ 24. Ka1 Qe2 25. Re1 Rd8 26. a3 Rd1+ 27.
Rxd1 Qxd1+ 28. Ka2 e5 29. Nd2 Qe2 30. Nb3 Qxf2 31. Qa5 Bd4 32. Nxd4 Qxd4 33.
Qb4 Qd8 34. Qc5+ Kb8 35. Qe3 Qf8 36. c5 Kc7 37. b4 Qg7 38. Qd2 Qf8 39. Kb3 f5
40. Qd3 f4 41. Qh7 b5 42. Qd3 a6 43. a4 Qd8 44. Qe2 Qd5+ 45. Ka3 Kc6 46. axb5+
axb5 47. Kb2 Qd4+ 48. Kc2 Qc4+ 49. Kd1 Qb3+ 50. Qc2 Qxb4 51. Qh7 Qd4+ 52. Ke2
Qe3+ 53. Kd1 Qg1+ 54. Kc2 Qxg2+ 55. Kd3 Qf3+ 56. Kd2 Qxh5 57. Qh8 Kxc5 58. Qc8+
Kd6 59. Qd8+ Ke6 60. Qe8+ Kf6 61. Qh8+ Ke7 0-1

[Event "SK Turm Emsdetten 2 - SV Mülheim-Nord 2"]
[Site "Oberliga NRW 2013/2014"]
[Date "2013.12.08"]
[Round "4.5"]
[White "Bus, Tom"]
[Black "Van Foreest, Jorden"]
[Result "0-1"]
[WhiteElo "2079"]
[BlackElo "2303"]
[Annotator "Doe,John"]
[PlyCount "108"]
[EventDate "2013.??.??"]
[WhiteTeam "SV Mülheim-Nord 2"]
[BlackTeam "SK Turm Emsdetten 2"]

1. c4 c6 2. g3 d5 3. Nf3 g6 4. Bg2 Bg7 5. O-O e5 6. cxd5 cxd5 7. d4 e4 8. Ne5
Ne7 9. f3 exf3 10. Bxf3 O-O 11. Nc3 Nbc6 12. Nxc6 Nxc6 13. e3 Be6 14. Bd2 $11
Qd7 15. Rc1 Rfe8 16. Na4 b6 17. b4 Ne7 18. Qb3 Nf5 19. Nc3 Rad8 20. a4 h5 21.
Nb5 Rc8 22. Rxc8 Rxc8 23. Rc1 Rxc1+ 24. Bxc1 h4 25. g4 Nd6 26. Nxd6 Qxd6 27.
Bd2 Bf6 28. b5 Qd7 29. h3 Kg7 30. Qc3 Qd6 31. Be1 Bd8 32. Bg2 g5 33. Qb4 Qd7
34. Qc3 f5 35. gxf5 Bxf5 36. Qc6 Bxh3 37. Qxd7+ Bxd7 38. Bxd5 g4 39. Be4 g3 40.
d5 Bf6 41. Bb4 Be5 42. Be7 h3 43. Bg5 Bd6 44. Kh1 Bb4 45. Bf4 Be1 46. Bb8 Bf2
47. Bxa7 Bf5 48. Bf3 Bg4 49. Be4 Be2 50. Bg2 hxg2+ 51. Kxg2 Bc4 52. e4 Bd3 53.
a5 Bxe4+ 54. Kf1 Bc5 0-1

[Event "SK Turm Emsdetten 2 - SV Mülheim-Nord 2"]
[Site "Oberliga NRW 2013/2014"]
[Date "2013.12.08"]
[Round "4.6"]
[White "Lambrechts, Koen"]
[Black "Beerdsen, Thomas"]
[Result "0-1"]
[WhiteElo "2267"]
[BlackElo "2158"]
[PlyCount "72"]
[EventDate "2013.??.??"]
[WhiteTeam "SK Turm Emsdetten 2"]
[BlackTeam "SV Mülheim-Nord 2"]

1. e4 c5 2. Nf3 d6 3. d4 cxd4 4. Nxd4 Nf6 5. Nc3 a6 6. Bg5 Nbd7 7. Bc4 Qc7 8.
Qe2 e6 9. O-O-O Nc5 10. f4 Be7 11. Kb1 b5 12. Bxf6 gxf6 13. Bb3 b4 14. Na4 Bd7
15. Nxc5 dxc5 16. Nf3 Qxf4 17. e5 Bb5 18. Qd2 fxe5 19. c4 Bc6 20. Rhe1 Qxd2 21.
Rxd2 f6 22. Rf2 e4 23. Nd2 f5 24. Bc2 O-O-O 25. Nf1 Rd4 26. Ne3 Bg5 27. g3 Rhd8
28. h4 Bh6 29. Ree2 Be8 30. Ng2 Bh5 31. Re1 Rd2 32. Rxd2 Rxd2 33. Nf4 Bf7 34.
Rf1 Rh2 35. Re1 Bxf4 36. gxf4 Rxh4 0-1

[Event "SK Turm Emsdetten 2 - SV Mülheim-Nord 2"]
[Site "Oberliga NRW 2013/2014"]
[Date "2013.12.08"]
[Round "4.7"]
[White "Ozerov, Ilja"]
[Black "Rietman, Frits"]
[Result "1/2-1/2"]
[WhiteElo "2091"]
[BlackElo "2274"]
[PlyCount "95"]
[EventDate "2013.??.??"]
[WhiteTeam "SV Mülheim-Nord 2"]
[BlackTeam "SK Turm Emsdetten 2"]

1. e4 c5 2. Nf3 d6 3. d4 cxd4 4. Nxd4 Nf6 5. Nc3 a6 6. Bg5 e6 7. f4 Nc6 8. e5
h6 9. Bh4 Nxd4 10. Qxd4 dxe5 11. Qxd8+ Kxd8 12. fxe5 g5 13. Bg3 Nd7 14. O-O-O
Bg7 15. Be2 Ke7 16. Bh5 b6 17. Rhf1 Rf8 18. Rd2 Bb7 19. Rdf2 f5 20. exf6+ Rxf6
21. Rxf6 Bxf6 22. Bf3 Bxc3 23. Bxb7 Ra7 24. Bc6 Be5 25. Bxd7 Bxg3 26. hxg3 Rxd7
27. Rh1 Rd4 28. Rxh6 Rg4 29. Rh3 Kf6 30. Kd2 Kf5 31. c3 Re4 32. Rh1 Ra4 33. a3
Kg4 34. Re1 Kxg3 35. Rxe6 Kxg2 36. Rxb6 g4 37. Kd3 g3 38. c4 Ra5 39. Rg6 Rh5
40. Kd4 Rh4+ 41. Kd5 Kf3 42. Rxg3+ Kxg3 43. c5 Rh5+ 44. Kd6 Rh6+ 45. Kd7 Rh7+
46. Kd6 Rh6+ 47. Kd7 Rh7+ 48. Kd6 1/2-1/2

[Event "SK Turm Emsdetten 2 - SV Mülheim-Nord 2"]
[Site "Oberliga NRW 2013/2014"]
[Date "2013.12.08"]
[Round "4.8"]
[White "Topp, Michael"]
[Black "Mainusch, Martin"]
[Result "0-1"]
[WhiteElo "1978"]
[BlackElo "1971"]
[PlyCount "66"]
[EventDate "2013.??.??"]
[WhiteTeam "SK Turm Emsdetten 2"]
[BlackTeam "SV Mülheim-Nord 2"]

1. c4 Nf6 2. g3 g6 3. Bg2 Bg7 4. Nc3 O-O 5. Nf3 d6 6. O-O Nc6 7. d3 e5 8. Bg5
h6 9. Bxf6 Bxf6 10. Rb1 a5 11. a3 Nd4 12. e3 Nxf3+ 13. Bxf3 Bg7 14. b4 axb4 15.
axb4 f5 16. Qb3 Kh7 17. Ra1 Rxa1 18. Rxa1 f4 19. Be4 fxe3 20. f3 c6 21. b5 Qb6
22. Kg2 Bf5 23. Ra3 Bxe4 24. dxe4 h5 25. bxc6 Qxc6 26. Nd5 e2 27. Ra1 Rb8 28.
Nb6 g5 29. Re1 g4 30. Rxe2 Rf8 31. fxg4 hxg4 32. Qb5 Bh6 33. Rf2 Qxe4+ 0-1

[Event "SK Münster 1 - SG Solingen 2"]
[Site "Oberliga NRW 2013/2014"]
[Date "2013.12.08"]
[Round "4.1"]
[White "Hoffmann, Michael"]
[Black "Molinaroli, Martin"]
[Result "1/2-1/2"]
[WhiteElo "2433"]
[BlackElo "2215"]
[PlyCount "27"]
[EventDate "2013.??.??"]
[WhiteTeam "SG Solingen 2"]
[BlackTeam "SK Münster 1"]

1. d4 g6 2. e4 Bg7 3. Nc3 c5 4. dxc5 Bxc3+ 5. bxc3 Qa5 6. Nf3 Qxc3+ 7. Bd2 Qxc5
8. Bd3 d6 9. Rb1 Nf6 10. O-O Qc7 11. Bh6 Nc6 12. h3 Nd7 13. Qd2 Nc5 14. Qc3
1/2-1/2

[Event "SK Münster 1 - SG Solingen 2"]
[Site "Oberliga NRW 2013/2014"]
[Date "2013.12.08"]
[Round "4.2"]
[White "Emunds, Hans Georg"]
[Black "Wegerle, Joerg"]
[Result "1/2-1/2"]
[WhiteElo "2203"]
[BlackElo "2407"]
[PlyCount "122"]
[EventDate "2013.??.??"]
[WhiteTeam "SK Münster 1"]
[BlackTeam "SG Solingen 2"]

1. e4 c5 2. Nf3 a6 3. b3 Nc6 4. Bb2 d6 5. d4 cxd4 6. Nxd4 Bd7 7. g3 Nf6 8. Bg2
e6 9. O-O Be7 10. c4 O-O 11. Nc3 Rc8 12. Rc1 Qa5 13. Nxc6 Bxc6 14. Qe1 Bd8 15.
a3 Qh5 16. Qd1 Qg6 17. Qxd6 Nxe4 18. Nxe4 Bxe4 19. Bxe4 Qxe4 20. Rfd1 Bg5 21.
Rb1 Rfd8 22. Qe5 Qg6 23. Qe2 h6 24. Rxd8+ Rxd8 25. Rd1 Rxd1+ 26. Qxd1 Qe4 27.
Bd4 e5 28. Bc5 f5 29. f3 Qc6 30. Qd5+ Qxd5 31. cxd5 Kf7 32. Kf2 Be7 33. b4 b5
34. Be3 h5 35. h3 g6 36. g4 Bh4+ 37. Ke2 Ke7 38. gxf5 gxf5 39. Bc5+ Kd7 40. Kd3
Bg5 41. Kc2 Bf4 42. Kd1 e4 43. fxe4 fxe4 44. Kc2 Be5 45. Kb3 e3 46. Kc2 e2 47.
Kd2 Bb2 48. Kxe2 Bxa3 49. Kd3 a5 50. Kc3 h4 51. Kb3 Bxb4 52. Bxb4 axb4 53. Kxb4
Kd6 54. Kxb5 Kxd5 55. Kb4 Ke4 56. Kc3 Kf3 57. Kd2 Kg2 58. Ke2 Kxh3 59. Kf1 Kg3
60. Kg1 h3 61. Kh1 h2 1/2-1/2

[Event "SK Münster 1 - SG Solingen 2"]
[Site "Oberliga NRW 2013/2014"]
[Date "2013.12.08"]
[Round "4.3"]
[White "Schaefer, Markus"]
[Black "Wolter, Kai"]
[Result "1/2-1/2"]
[WhiteElo "2383"]
[BlackElo "2238"]
[PlyCount "41"]
[EventDate "2013.??.??"]
[WhiteTeam "SG Solingen 2"]
[BlackTeam "SK Münster 1"]

1. e4 c5 2. Nf3 e6 3. d4 cxd4 4. Nxd4 Nc6 5. Nc3 Qc7 6. Be2 a6 7. O-O Nf6 8.
Be3 Be7 9. f4 d6 10. a4 O-O 11. Kh1 Re8 12. Bf3 Rb8 13. Qd2 Bd7 14. Rad1 Nxd4
15. Qxd4 e5 16. Qd2 b5 17. axb5 axb5 18. fxe5 dxe5 19. Qf2 Be6 20. Rd2 Bb4 21.
Bg5 1/2-1/2

[Event "SK Münster 1 - SG Solingen 2"]
[Site "Oberliga NRW 2013/2014"]
[Date "2013.12.08"]
[Round "4.4"]
[White "Kamp, Christoph"]
[Black "Krieg, Nikolaj"]
[Result "1/2-1/2"]
[WhiteElo "2156"]
[BlackElo "2342"]
[PlyCount "114"]
[EventDate "2013.??.??"]
[WhiteTeam "SK Münster 1"]
[BlackTeam "SG Solingen 2"]

1. c4 c5 2. Nf3 Nf6 3. Nc3 b6 4. g3 Bb7 5. Bg2 e6 6. O-O Be7 7. Re1 d6 8. e4
Nbd7 9. d4 cxd4 10. Nxd4 Qc7 11. Be3 a6 12. Rc1 O-O 13. b3 Rfe8 14. f4 Bf8 15.
Bf2 Rad8 16. f5 exf5 17. Nd5 Qb8 18. Nxf5 g6 19. Nd4 h5 20. h3 Rc8 21. Qd2 Bg7
22. Rcd1 Re5 23. Qb4 Rce8 24. Nxf6+ Nxf6 25. Qxb6 Nxe4 26. Bxe4 Rxe4 27. Rxe4
Bxe4 28. Qxb8 Rxb8 29. Be3 Rc8 30. Kf2 d5 31. cxd5 Bxd5 32. Nf3 Be6 33. h4 Bg4
34. Rc1 Rd8 35. Rc6 Bc8 36. Rc2 Bb7 37. Rc7 Bd5 38. Rc5 Bf8 39. Rc2 Be4 40. Rc4
Bb1 41. Nd2 Bf5 42. Rd4 Re8 43. Rc4 Re6 44. Nf3 Bg4 45. Ng5 Re5 46. Re4 Ra5 47.
a4 f6 48. Nf3 Kf7 49. Nd2 Rd5 50. Rc4 Rf5+ 51. Rf4 Rd5 52. Rc4 Bd6 53. Rc6 Rd3
54. Nc4 Be7 55. Rxa6 Rxb3 56. a5 Rb4 57. Nd6+ Bxd6 1/2-1/2

[Event "SK Münster 1 - SG Solingen 2"]
[Site "Oberliga NRW 2013/2014"]
[Date "2013.12.08"]
[Round "4.5"]
[White "Michalczak, Thomas"]
[Black "Chilla, Jan Eric"]
[Result "0-1"]
[WhiteElo "2304"]
[BlackElo "2149"]
[PlyCount "56"]
[EventDate "2013.??.??"]
[WhiteTeam "SG Solingen 2"]
[BlackTeam "SK Münster 1"]

1. e4 c5 2. c3 g6 3. d4 Qc7 4. Nf3 Bg7 5. Be3 b6 6. Bd3 Nf6 7. h3 O-O 8. O-O
cxd4 9. cxd4 Ba6 10. Bxa6 Nxa6 11. Nc3 Qb7 12. Re1 Rfc8 13. Bg5 d6 14. e5 dxe5
15. dxe5 Rd8 16. Qe2 Nd5 17. Nxd5 Rxd5 18. Rad1 Rxd1 19. Rxd1 Nc5 20. Qd2 Ne6
21. Be3 h6 22. Qd7 Qxd7 23. Rxd7 Kf8 24. b4 Ke8 25. Rb7 Kd8 26. Nd4 Nxd4 27.
Bxd4 Bf8 28. e6 Kc8 0-1

[Event "SK Münster 1 - SG Solingen 2"]
[Site "Oberliga NRW 2013/2014"]
[Date "2013.12.08"]
[Round "4.6"]
[White "Rott, Georg"]
[Black "Berg, Michael"]
[Result "1/2-1/2"]
[WhiteElo "2147"]
[BlackElo "2282"]
[PlyCount "103"]
[EventDate "2013.??.??"]
[WhiteTeam "SK Münster 1"]
[BlackTeam "SG Solingen 2"]

1. e4 c5 2. Nf3 d6 3. Bb5+ Nd7 4. c4 a6 5. Ba4 Ngf6 6. Nc3 g6 7. d4 cxd4 8.
Nxd4 Bg7 9. Be3 O-O 10. Bxd7 Bxd7 11. f3 Qa5 12. Qd2 Rfc8 13. b3 b5 14. Nd5 Qd8
15. Nxf6+ Bxf6 16. cxb5 axb5 17. Ke2 Be8 18. Rac1 d5 19. Rxc8 Rxc8 20. exd5
Qxd5 21. Rd1 Qh5 22. Bg1 e5 23. Nc2 e4 24. Ne1 exf3+ 25. Nxf3 Qg4 26. Kf1 Bc6
27. h3 Qf5 28. Qd3 Be4 29. Qd7 Qxd7 30. Rxd7 Rc1+ 31. Kf2 b4 32. Bh2 Rc3 33.
Bf4 Rc2+ 34. Rd2 Rc8 35. Bh6 Bf5 36. g4 Be4 37. Ng5 Bc6 38. Rc2 Bc3 39. Nf3 Be4
40. Re2 Re8 41. Nd2 Bd4+ 42. Be3 Bd3 43. Re1 Bc3 44. Bh6 Ra8 45. Re7 Bb5 46.
Ne4 Bd4+ 47. Kg3 Bc6 48. Kf4 Bb2 49. g5 Bxe4 50. Rxe4 Rb8 51. Rc4 Ba3 52. h4
1/2-1/2

[Event "SK Münster 1 - SG Solingen 2"]
[Site "Oberliga NRW 2013/2014"]
[Date "2013.12.08"]
[Round "4.8"]
[White "Rehfeldt, Frank"]
[Black "Schlecht, Daniel"]
[Result "1/2-1/2"]
[WhiteElo "2094"]
[BlackElo "2290"]
[PlyCount "132"]
[EventDate "2013.??.??"]
[WhiteTeam "SK Münster 1"]
[BlackTeam "SG Solingen 2"]

1. e4 e6 2. d4 d5 3. Nc3 Nf6 4. e5 Nfd7 5. f4 c5 6. Nf3 Nc6 7. Be3 Be7 8. Qd2
O-O 9. Be2 b6 10. Nd1 a5 11. O-O Ba6 12. Bxa6 Rxa6 13. Nf2 a4 14. Qe2 Ra8 15.
g4 Qc8 16. c3 Qa6 17. Qxa6 Rxa6 18. a3 Na5 19. Rad1 Nc4 20. Bc1 b5 21. Nd3 Rb8
22. dxc5 Nxc5 23. Nxc5 Bxc5+ 24. Nd4 Rc6 25. Kg2 Bxd4 26. Rxd4 Na5 27. Be3 Nc4
28. Bc1 Rbc8 29. Rfd1 Na5 30. Be3 Rc4 31. h4 Nb3 32. Rxc4 Rxc4 33. Bd4 h5 34.
Kf3 Kh7 35. gxh5 Kh6 36. Kg4 Na5 37. Be3 Re4 38. Kf3 Nc4 39. Bc1 Kxh5 40. Rg1
Kh6 41. Rd1 Kh7 42. Rg1 Na5 43. Be3 Nc4 44. Bc1 Kg8 45. Rh1 Na5 46. Be3 Rc4 47.
h5 Re4 48. Rg1 Nc4 49. Bc1 Kh7 50. Rd1 Na5 51. Be3 Rc4 52. Bd4 Nc6 53. Kg4 Ne7
54. Rb1 Nf5 55. b3 axb3 56. Rxb3 Nxd4 57. cxd4 g6 58. Rxb5 gxh5+ 59. Kxh5 Rxd4
60. Kg5 Kg7 61. Ra5 Rd1 62. Ra7 Rg1+ 63. Kh5 Rf1 64. Kg5 Rg1+ 65. Kh5 Rf1 66.
Kg5 Rg1+ 1/2-1/2

[Event "SG Porz 2 - SV Erkenschwick 1"]
[Site "Oberliga NRW 2013/2014"]
[Date "2013.12.08"]
[Round "4.1"]
[White "Bitalzadeh, Ali"]
[Black "Miedema, David"]
[Result "0-1"]
[WhiteElo "2428"]
[BlackElo "2402"]
[PlyCount "112"]
[EventDate "2013.??.??"]
[WhiteTeam "SV Erkenschwick 1"]
[BlackTeam "SG Porz 2"]

1. c4 c5 2. Nc3 Nc6 3. g3 g6 4. Bg2 Bg7 5. Nf3 e5 6. d3 d6 7. a3 Nge7 8. h4 Bg4
9. Rb1 a5 10. Nd2 O-O 11. h5 Bxh5 12. Nf1 Bg4 13. Ne3 Be6 14. Ned5 Rb8 15. Bd2
Nd4 16. b4 Nxd5 17. cxd5 Bd7 18. bxc5 dxc5 19. Qc1 h5 20. Bg5 f6 21. Bh6 Nf5
22. Bxg7 Nxg7 23. Qh6 Kf7 24. Ne4 Bf5 25. Nxc5 Qd6 26. Qe3 b6 27. Nb3 Qxa3 28.
O-O Bd7 29. f4 Nf5 30. Qf2 Kg7 31. Bh3 Qd6 32. Nd2 Ne3 33. Qxe3 Bxh3 34. Rfc1
Qxd5 35. Rc7+ Rf7 36. Rxf7+ Kxf7 37. Nf3 Bg4 38. fxe5 Bxf3 39. exf6 Re8 40.
Qxf3 Qxf3 41. exf3 Rb8 42. Kf2 a4 43. Ke3 b5 44. Ra1 Ra8 45. Kd4 b4 46. Kc4 b3
47. Kc3 Kxf6 48. Kb2 Ke5 49. Ka3 Kd4 50. g4 hxg4 51. fxg4 Ra6 52. Rd1 Rb6 53.
Kb2 a3+ 54. Kxa3 b2 55. Ka2 Kc3 56. Kb1 Ra6 0-1

[Event "SG Porz 2 - SV Erkenschwick 1"]
[Site "Oberliga NRW 2013/2014"]
[Date "2013.12.08"]
[Round "4.2"]
[White "Korotkjevich, Stanislav"]
[Black "Willemze, Thomas"]
[Result "0-1"]
[WhiteElo "2354"]
[BlackElo "2408"]
[PlyCount "80"]
[EventDate "2013.??.??"]
[WhiteTeam "SG Porz 2"]
[BlackTeam "SV Erkenschwick 1"]

1. Nf3 Nf6 2. c4 b6 3. d4 e6 4. a3 Bb7 5. Nc3 g6 6. Bg5 h6 7. Bh4 Bg7 8. e3 d6
9. Be2 Nbd7 10. O-O g5 11. Bg3 Nh5 12. d5 Nxg3 13. fxg3 Bxc3 14. bxc3 Qe7 15.
Nd4 O-O-O 16. Qa4 Kb8 17. Bf3 Nc5 18. Nc6+ Bxc6 19. Qxc6 Qe8 20. dxe6 Qxc6 21.
Bxc6 fxe6 22. Rf6 Nb3 23. Ra2 Na5 24. Bf3 Nxc4 25. Rxe6 Rde8 26. Rxe8+ Rxe8 27.
e4 Re5 28. Be2 Rc5 29. Kf2 Ne5 30. Rc2 Kb7 31. Ke3 Kc6 32. a4 Ra5 33. Rb2 Rxa4
34. Bb5+ Kc5 35. Bxa4 Nc4+ 36. Kf3 Nxb2 37. Bb3 a5 38. h4 a4 39. Ba2 Nd1 40.
hxg5 hxg5 0-1

[Event "SG Porz 2 - SV Erkenschwick 1"]
[Site "Oberliga NRW 2013/2014"]
[Date "2013.12.08"]
[Round "4.3"]
[White "Erwich, Marc"]
[Black "Malykin, Vitaly"]
[Result "0-1"]
[WhiteElo "2364"]
[BlackElo "2321"]
[PlyCount "50"]
[EventDate "2013.??.??"]
[WhiteTeam "SV Erkenschwick 1"]
[BlackTeam "SG Porz 2"]

1. e4 g6 2. d4 Bg7 3. Nc3 d6 4. Be3 a6 5. Qd2 b5 6. a3 Bb7 7. O-O-O Nd7 8. f3
h6 9. h4 Ngf6 10. g4 Nb6 11. Nh3 Nfd7 12. h5 g5 13. Qf2 Rc8 14. Be2 c5 15. dxc5
dxc5 16. Nb1 Na4 17. c3 b4 18. Bc4 bxc3 19. bxc3 Rb8 20. Qa2 O-O 21. Bxg5 hxg5
22. Bxf7+ Rxf7 23. Nxg5 e6 24. Nxf7 Kxf7 25. f4 Bxe4 0-1

[Event "SG Porz 2 - SV Erkenschwick 1"]
[Site "Oberliga NRW 2013/2014"]
[Date "2013.12.08"]
[Round "4.4"]
[White "Gallinnis, Norbert"]
[Black "Jens, Jelmer"]
[Result "1-0"]
[WhiteElo "2268"]
[BlackElo "2376"]
[PlyCount "65"]
[EventDate "2013.??.??"]
[WhiteTeam "SG Porz 2"]
[BlackTeam "SV Erkenschwick 1"]

1. e4 e5 2. Nf3 Nc6 3. Nc3 Nf6 4. g3 d5 5. exd5 Nxd5 6. d3 Nxc3 7. bxc3 Be7 8.
Bg2 O-O 9. O-O f5 10. Bd2 Bf6 11. Ne1 Be6 12. f4 exf4 13. Rxf4 Qd7 14. Rf2 b5
15. a3 Rae8 16. Nf3 h6 17. Re2 g5 18. Kh1 Qd6 19. Qe1 Bf7 20. Rxe8 Rxe8 21. Qf2
a6 22. d4 Kg7 23. h4 Kg6 24. Rf1 Ne7 25. Bc1 Qd7 26. hxg5 hxg5 27. Bxg5 Nd5 28.
Bxf6 Kxf6 29. Ne5 Qe6 30. Kg1 Ne7 31. g4 Rh8 32. Be4 Bg6 33. Nxg6 1-0

[Event "SG Porz 2 - SV Erkenschwick 1"]
[Site "Oberliga NRW 2013/2014"]
[Date "2013.12.08"]
[Round "4.5"]
[White "Erwich, Frank"]
[Black "Peschlow, Patrick"]
[Result "1/2-1/2"]
[WhiteElo "2290"]
[BlackElo "2306"]
[PlyCount "32"]
[EventDate "2013.??.??"]
[WhiteTeam "SV Erkenschwick 1"]
[BlackTeam "SG Porz 2"]

1. c4 Nf6 2. Nc3 d5 3. cxd5 Nxd5 4. Nf3 g6 5. Qa4+ Nc6 6. Ne5 Qd6 7. Nxc6 Qxc6
8. Qxc6+ bxc6 9. g3 Bg7 10. Bg2 Be6 11. b3 O-O-O 12. Bb2 Nxc3 13. Bxc3 Bxc3 14.
dxc3 Rd6 15. f4 Rhd8 16. Kf2 c5 1/2-1/2

[Event "SG Porz 2 - SV Erkenschwick 1"]
[Site "Oberliga NRW 2013/2014"]
[Date "2013.12.08"]
[Round "4.6"]
[White "Xu, Xianliang"]
[Black "Homs, Guust"]
[Result "1/2-1/2"]
[WhiteElo "2082"]
[BlackElo "2174"]
[PlyCount "46"]
[EventDate "2013.??.??"]
[WhiteTeam "SG Porz 2"]
[BlackTeam "SV Erkenschwick 1"]

1. e4 e5 2. f4 exf4 3. Nf3 h6 4. d4 g5 5. Nc3 d6 6. g3 g4 7. Ng1 f3 8. h3 Nc6
9. Be3 Bg7 10. hxg4 Bxg4 11. Nxf3 Qd7 12. Be2 Nge7 13. d5 Ne5 14. Nxe5 Bxe2 15.
Nxd7 Bxd1 16. Rxd1 Kxd7 17. Bd4 Rag8 18. Bxg7 Rxg7 19. Rd3 Ng6 20. Ne2 Ne5 21.
Rb3 b6 22. Nf4 Ng4 23. Nh5 Rg5 1/2-1/2

[Event "SG Porz 2 - SV Erkenschwick 1"]
[Site "Oberliga NRW 2013/2014"]
[Date "2013.12.08"]
[Round "4.7"]
[White "Krings, Christoph"]
[Black "Pauly, Carlo"]
[Result "1-0"]
[WhiteElo "2112"]
[BlackElo "2058"]
[PlyCount "61"]
[EventDate "2013.??.??"]
[WhiteTeam "SV Erkenschwick 1"]
[BlackTeam "SG Porz 2"]

1. d4 Nf6 2. Nf3 c5 3. d5 d6 4. c4 e5 5. Nc3 Be7 6. e4 O-O 7. Be2 Ne8 8. O-O g6
9. Ne1 Bg5 10. Nd3 Bxc1 11. Rxc1 Qe7 12. Qd2 Ng7 13. f4 f6 14. fxe5 fxe5 15.
Rxf8+ Kxf8 16. b4 b6 17. bxc5 bxc5 18. Rf1+ Kg8 19. Nxc5 Na6 20. Nxa6 Bxa6 21.
Nb5 Bxb5 22. cxb5 Ne8 23. Bg4 Nc7 24. a4 Rf8 25. Rxf8+ Qxf8 26. Qf2 Qh6 27.
Be6+ Nxe6 28. dxe6 Qc1+ 29. Qf1 Qc5+ 30. Kh1 d5 31. h3 1-0